Sofware evolution : the sofware maintenance challenge (Registro nro. 12180)
[ vista simple ]
| 000 -LÍDER | |
|---|---|
| fixed length control field | 00490nam a2200157 4500 |
| 008 - ELEMENTOS DE LONGITUD FIJA -- INFORMACIÓN GENERAL | |
| fixed length control field | 0 1988 0a 000 0USA |
| 020 ## - NÚMERO INTERNACIONAL NORMALIZADO PARA LIBROS | |
| ISBN | 0-471--62871-9 |
| 050 ## - SIGNATURA TOPOGRAFICA DE LA BIBLIOTECA DEL CONGRESO (LC) | |
| Número de Clasificación | QA76.76 .S64 A788 |
| 082 ## - NUMERO DE CLASIFICACION DECIMAL DEWEY | |
| Número de Clasificación | 001.642.5 A793s |
| 100 ## - ASIENTO PRINCIPAL--NOMBRE PERSONAL | |
| Nombre personal | Arthur, Lowell Jay |
| 245 ## - TÍTULO | |
| Título | Sofware evolution : the sofware maintenance challenge |
| 260 ## - PUBLICACIÓN, DISTRIBUCIÓN, ETC. (PIE DE IMPRENTA) | |
| Lugar de publicación, distribución, etc. | United States of America : John Wiley |
| 300 ## - DESCRIPCIÓN FÍSICA | |
| Extensión | xiii, 254 p. / 24 cm. |
| 500 ## - NOTA GENERAL | |
| Nota general | Incluye bibliografia |
| 650 ## - ASIENTO SECUNDARIO DE MATERIA - TERMINO TEMÁTICO | |
| Término temático o nombre geográfico como elemento de entrada | 1.MANTENIMIENTO DE PROGRAMAS |
| No. biblioteca | No. biblioteca | Número de clasificación | Código de barras/Número de adquisición | Número de copia | Tipo de material |
|---|---|---|---|---|---|
| LUIS G. INCLAN | LUIS G. INCLAN | 001.642.5 A793s | 24340 | 3 | Libros |
| LUIS G. INCLAN | LUIS G. INCLAN | 001.642.5 A793s | 24339 | 2 | Libros |
| LUIS G. INCLAN | LUIS G. INCLAN | 001.642.5 A793s | 24338 | 1 | Libros |
